The Bible: (Record no. 7574)

000 -LEADER
fixed length control field 00631nam a2200205 a 4500
001 - CONTROL NUMBER
control field :::00005335$&:&@@
003 - CONTROL NUMBER IDENTIFIER
control field OkBaRHE
005 - DATE AND TIME OF LATEST TRANSACTION
control field 20000607103325.0
008 - FIXED-LENGTH DATA ELEMENTS--GENERAL INFORMATION
fixed length control field s1929 j 000 0 eng u
040 ## - CATALOGING SOURCE
Transcribing agency
100 1# - MAIN ENTRY--PERSONAL NAME
Personal name McCrossan, T. J.
245 14 - TITLE STATEMENT
Title The Bible:
Remainder of title its Christ and modernism.
260 ## - PUBLICATION, DISTRIBUTION, ETC. (IMPRINT)
Place of publication, distribution, etc Seattle, WA., :
Name of publisher, distributor, etc T. J. McCrossan
Date of publication, distribution, etc c1929
300 ## - PHYSICAL DESCRIPTION
Extent 215 p. ;
Dimensions 20 cm.
650 ## - SUBJECT ADDED ENTRY--TOPICAL TERM
Topical term or geographic name as entry element Bible
650 ## - SUBJECT ADDED ENTRY--TOPICAL TERM
Topical term or geographic name as entry element Fundamentalist
General subdivision Controversy
650 ## - SUBJECT ADDED ENTRY--TOPICAL TERM
Topical term or geographic name as entry element Modernist
General subdivision Fundamentalist
-- Controversy
942 ## - ADDED ENTRY ELEMENTS (KOHA)
Source of classification or shelving scheme
Koha item type Books
Copies
Withdrawn status Full call number Damaged status Shelving location Date acquired Barcode Koha item type Source of classification or shelving scheme Copy number Permanent Location Date last seen Not for loan Price effective from Lost status
 BT 480 .M23B5 General Stacks2010-04-145335Books 1RHEMA Bible Training College2010-04-14 2010-04-14